<?xml version="1.0" encoding="UTF-8"?>
<record
    xmlns:xsi="http://www.w3.org/2001/XMLSchema-instance"
    xsi:schemaLocation="http://www.loc.gov/MARC21/slim http://www.loc.gov/standards/marcxml/schema/MARC21slim.xsd"
    xmlns="http://www.loc.gov/MARC21/slim">

  <leader>01176cam a2200253a 44500</leader>
  <controlfield tag="003">OSt</controlfield>
  <controlfield tag="005">20150408113800.0</controlfield>
  <controlfield tag="008">030308s1955 ua g 00000 ara dd</controlfield>
  <datafield tag="040" ind1=" " ind2=" ">
    <subfield code="a">SA-RiAUC</subfield>
    <subfield code="b">ara</subfield>
    <subfield code="c">SA-RiAUC</subfield>
  </datafield>
  <datafield tag="041" ind1=" " ind2=" ">
    <subfield code="h">ara</subfield>
  </datafield>
  <datafield tag="043" ind1=" " ind2=" ">
    <subfield code="a">a-su---</subfield>
  </datafield>
  <datafield tag="072" ind1=" " ind2="7">
    <subfield code="a">096</subfield>
    <subfield code="x">&#x627;&#x644;&#x645;&#x645;&#x644;&#x643;&#x629; &#x627;&#x644;&#x639;&#x631;&#x628;&#x64A;&#x629; &#x627;&#x644;&#x633;&#x639;&#x648;&#x62F;&#x64A;&#x629;</subfield>
  </datafield>
  <datafield tag="082" ind1="0" ind2="4">
    <subfield code="a">953,101</subfield>
  </datafield>
  <datafield tag="092" ind1=" " ind2=" ">
    <subfield code="a">953,101</subfield>
    <subfield code="b">&#x628; &#x639; &#x639;</subfield>
  </datafield>
  <datafield tag="100" ind1="1" ind2=" ">
    <subfield code="a">&#x627;&#x628;&#x646; &#x639;&#x64A;&#x633;&#x649;&#x60C; &#x625;&#x628;&#x631;&#x627;&#x647;&#x64A;&#x645; &#x628;&#x646; &#x635;&#x627;&#x644;&#x62D; &#x628;&#x646; &#x625;&#x628;&#x631;&#x627;&#x647;&#x64A;&#x645;&#x60C;</subfield>
    <subfield code="d">1270-1343 &#x647;&#x640;.</subfield>
  </datafield>
  <datafield tag="245" ind1="1" ind2="0">
    <subfield code="a">&#x639;&#x642;&#x62F; &#x627;&#x644;&#x62F;&#x631;&#x631; &#x641;&#x64A;&#x645;&#x627; &#x648;&#x642;&#x639; &#x641;&#x64A; &#x646;&#x62C;&#x62F; &#x645;&#x646; &#x627;&#x644;&#x62D;&#x648;&#x627;&#x62F;&#x62B; &#x641;&#x64A; &#x622;&#x62E;&#x631; &#x627;&#x644;&#x642;&#x631;&#x646; &#x627;&#x644;&#x62B;&#x627;&#x644;&#x62B; &#x639;&#x634;&#x631; &#x648;&#x623;&#x648;&#x644; &#x627;&#x644;&#x631;&#x627;&#x628;&#x639; &#x639;&#x634;&#x631; /</subfield>
    <subfield code="c">&#x62A;&#x623;&#x644;&#x64A;&#x641; &#x625;&#x628;&#x631;&#x627;&#x647;&#x64A;&#x645; &#x628;&#x646; &#x635;&#x627;&#x644;&#x62D; &#x628;&#x646; &#x639;&#x64A;&#x633;&#x649; &#x627;&#x644;&#x646;&#x62C;&#x62F;&#x64A; &#x627;&#x644;&#x62D;&#x646;&#x628;&#x644;&#x64A;.</subfield>
  </datafield>
  <datafield tag="260" ind1=" " ind2=" ">
    <subfield code="a">&#x627;&#x644;&#x642;&#x627;&#x647;&#x631;&#x629; :</subfield>
    <subfield code="b">&#x625;&#x628;&#x631;&#x627;&#x647;&#x64A;&#x645; &#x628;&#x646; &#x635;&#x627;&#x644;&#x62D; &#x628;&#x646; &#x639;&#x64A;&#x633;&#x649; &#x627;&#x644;&#x646;&#x62C;&#x62F;&#x64A; &#x627;&#x644;&#x62D;&#x646;&#x628;&#x644;&#x64A;&#x60C;</subfield>
    <subfield code="c">1955 [1375 &#x623;&#x648; 1376]</subfield>
  </datafield>
  <datafield tag="300" ind1=" " ind2=" ">
    <subfield code="a">80 &#x635;. &#x61B;</subfield>
    <subfield code="c">24&#x633;&#x645;.</subfield>
  </datafield>
  <datafield tag="501" ind1=" " ind2=" ">
    <subfield code="a">&#x645;&#x639; : &#x627;&#x644;&#x645;&#x62C;&#x62F; &#x641;&#x64A; &#x62A;&#x627;&#x631;&#x64A;&#x62E; &#x646;&#x62C;&#x62F; / &#x62A;&#x623;&#x644;&#x64A;&#x641; &#x639;&#x62B;&#x645;&#x627;&#x646; &#x628;&#x646; &#x628;&#x634;&#x631; &#x627;&#x644;&#x646;&#x62C;&#x62F;&#x64A; &#x627;&#x644;&#x62D;&#x646;&#x628;&#x644;&#x64A;.</subfield>
  </datafield>
  <datafield tag="651" ind1=" " ind2="7">
    <subfield code="a">&#x646;&#x62C;&#x62F; (&#x627;&#x644;&#x633;&#x639;&#x648;&#x62F;&#x64A;&#x629;)</subfield>
    <subfield code="x">&#x62A;&#x627;&#x631;&#x64A;&#x62E;</subfield>
    <subfield code="2">aucsh.</subfield>
    <subfield code="9">18</subfield>
  </datafield>
  <datafield tag="651" ind1=" " ind2="7">
    <subfield code="a">&#x627;&#x644;&#x633;&#x639;&#x648;&#x62F;&#x64A;&#x629;</subfield>
    <subfield code="x">&#x62A;&#x627;&#x631;&#x64A;&#x62E;</subfield>
    <subfield code="2">aucsh.</subfield>
  </datafield>
  <datafield tag="740" ind1="2" ind2="2">
    <subfield code="a">&#x627;&#x644;&#x645;&#x62C;&#x62F; &#x641;&#x64A; &#x62A;&#x627;&#x631;&#x64A;&#x62E; &#x646;&#x62C;&#x62F;.</subfield>
  </datafield>
  <datafield tag="942" ind1=" " ind2=" ">
    <subfield code="2">ddc</subfield>
    <subfield code="c">DVD</subfield>
  </datafield>
  <datafield tag="999" ind1=" " ind2=" ">
    <subfield code="c">4780</subfield>
    <subfield code="d">239280</subfield>
  </datafield>
  <datafield tag="952" ind1=" " ind2=" ">
    <subfield code="1">0</subfield>
    <subfield code="2">2013-03-10</subfield>
    <subfield code="4">0</subfield>
    <subfield code="7">0</subfield>
    <subfield code="a">953,101 &#x628; &#x639; &#x639;</subfield>
    <subfield code="d">2011-05-21</subfield>
    <subfield code="h">EZF</subfield>
    <subfield code="i">00002599</subfield>
    <subfield code="m">EZF</subfield>
    <subfield code="r">2013-03-10 00:00:00</subfield>
    <subfield code="t">BOOK</subfield>
    <subfield code="w">ddc</subfield>
    <subfield code="y">0</subfield>
  </datafield>
  <datafield tag="952" ind1=" " ind2=" ">
    <subfield code="1">0</subfield>
    <subfield code="2">2013-03-10</subfield>
    <subfield code="4">0</subfield>
    <subfield code="7">0</subfield>
    <subfield code="a">953,101 &#x628; &#x639; &#x639; </subfield>
    <subfield code="d">2011-08-25</subfield>
    <subfield code="h">EMF</subfield>
    <subfield code="i">00023658</subfield>
    <subfield code="m">EMF</subfield>
    <subfield code="r">2013-03-10 00:00:00</subfield>
    <subfield code="t">BOOK</subfield>
    <subfield code="w">ddc</subfield>
    <subfield code="y">0</subfield>
  </datafield>
</record>
